| 000 | 00571nam a2200193 a 4500 | ||
|---|---|---|---|
| 005 | 20230323063633.0 | ||
| 008 | 991125s1979 ag 000 0 spa u | ||
| 035 | _aUPN01000004592 | ||
| 049 | _aCG | ||
| 050 | 4 |
_aRC488 _bG7.38 |
|
| 100 | 1 | _aGrotjahn, M. | |
| 245 | 1 | 3 |
_aEl arte y la técnica de la terapia grupal analítica / _cM. Grotjahn ; tr. Carlos E. Saltmann. |
| 260 |
_aBuenos Aires : _bPaidós, _c1979. |
||
| 300 | _a203 p. | ||
| 440 | 0 | _aGrupos e instituciones | |
| 650 | 4 |
_aTERAPIA GRUPAL _914830 |
|
| 650 | 4 |
_aPsicoanálisis de grupo _945976 |
|
| 905 | _aLibro | ||
| 999 |
_c4592 _d4592 |
||